Statistiques concernant Pays produisant le plus de dattes

Cliquez ici pour prendre le quiz!

Statistiques générales

  • Ce quiz a été pris 102 fois
  • Le résultat moyen est 16 sur 20

Statistiques - réponses

1000 de
tonnes
pays% Correct
1030Algérie
99%
125Maroc
98%
1695Égypte
95%
241Tunisie
94%
965Arabie Saoudite
91%
1066Iran
87%
174Libye
84%
615Irak
83%
349Oman
83%
58Yémen
82%
35Turquie
81%
22Mauritanie
77%
672Émirats
arabes unis
76%
439 Soudan
72%
159Chine
71%
29Qatar
70%
43Israël
66%
495Pakistan
66%
98Koweït
65%
38Etats-Unis
59%

Distribution des résultats

Percentile par nombre de réponses

% des personnes avec chaque résultat

Votre développement - résultats

Vous n’avez pas pris ce quiz